[Event "Tournament (open)"]
[Site "Cheste (Spain)"]
[Date "2010.10.08"]
[Round "2"]
[White "Aguilar Guillamont Jesus (ESP)"]
[Black "Sanchez Romero M A (ESP)"]
[Result "0-1"]
[WhiteElo "1932"]
[BlackElo "2259"]

1.c4 g6 2.Nc3 Bg7 3.g3 d6 4.Bg2 e5 5.d3 Nc6 6.e4 Nge7 7.Nge2 O-O 8.Bg5 h6
9.Be3 Nd4 10.Qd2 Kh7 11.h3 a6 12.Rc1 c6 13.O-O Bxh3 14.Nxd4 Bxg2 15.Nxc6 bxc6
16.Kxg2 d5 17.cxd5 cxd5 18.exd5 Nxd5 19.Rh1 h5 20.Ne4 Nxe3+ 21.fxe3 f5 22.Nf2
Ra7 23.Rc4 Bh6 24.Rhc1 Qd5+ 25.Kg1 Qf3 26.Rc7+ Rf7 27.Rxa7 Rxa7 28.Qa5 Bxe3
29.Rc2 Qxg3+ 30.Kf1 Bxf2 31.Rxf2 Qxd3+ 32.Kg1 Rd7 33.Qxe5 Qd1+ 34.Kh2 Qd6 {#R}
0-1

[Event "Ch Sweden (team) 2010/11"]
[Site "Sweden"]
[Date "2010.10.10"]
[Round "3"]
[White "Bejtovic Jasmin (BIH)"]
[Black "Janse Rasmus (SWE)"]
[Result "1-0"]
[WhiteElo "2404"]
[BlackElo "2178"]

1.c4 g6 2.Nc3 Bg7 3.g3 Nc6 4.Bg2 e5 5.d3 d6 6.e3 f5 7.Nge2 Nf6 8.O-O O-O 9.Rb1
Be6 10.Nd5 Qd7 11.b4 Rfb8 12.b5 Ne7 13.Nec3 Nexd5 14.cxd5 Bf7 15.e4 Qe7 16.Qc2
a6 17.a4 Nd7 18.Be3 Nc5 19.Bxc5 dxc5 20.b6 f4 21.a5 Be8 22.bxc7 Qxc7 23.Rb6 c4
24.d6 Qc5 25.Nd5 Qxa5 26.dxc4 Qc5 27.Qb3 Ra7 28.Bh3 Rd8 29.Nc7 Bc6 30.Ne6 Qxd6
31.c5 Qd3 32.Nxd8+ Qxb3 33.Rxb3 {#r} 1-0

[Event "It (open)"]
[Site "Bad Wiessee (Germany)"]
[Round "2"]
[White "Callenberg Ralf (GER)"]
[Black "Fedorovsky Michael (GER)"]
[Result "0-1"]
[WhiteElo "2107"]
[BlackElo "2411"]

1.c4 e5 2.g3 Nc6 3.Bg2 g6 4.Nc3 Bg7 5.d3 d6 6.e4 Nge7 7.Be3 O-O 8.Qd2 Nd4 9.f3
c6 10.Rc1 d5 11.Nge2 Be6 12.b3 Qd7 13.O-O Rad8 14.cxd5 cxd5 15.exd5 Nxd5
16.Nxd5 Bxd5 17.Nxd4 exd4 18.Bf4 Rc8 19.Qa5 b6 20.Qa3 Rc3 21.Bd2 Rxd3 22.Rf2
Rc8 23.Re1 Bf8 24.Qb2 Rdc3 25.Bxc3 dxc3 26.Qc2 Bc5 27.Re2 Be6 28.f4 Bf5 29.Be4
Bxe4 30.Qxe4 Qd1+ {#R} 0-1

[Event "Memorial Baharov (open)"]
[Site "Sofia (Bulgaria)"]
[Date "2010.11.27"]
[Round "3"]
[White "Artunov Kirkor (BUL)"]
[Black "Stoimenov Kalojan (BUL)"]
[Result "0-1"]
[WhiteElo "2066"]
[BlackElo "1825"]

1.c4 e5 2.g3 g6 3.Bg2 Bg7 4.Nc3 Nc6 5.d3 d6 6.Nd5 Nce7 7.h4 h5 8.e4 c6 9.Ne3
f5 10.Ne2 Nf6 11.f4 Be6 12.Qc2 Qb6 13.Bd2 O-O-O 14.Rf1 Rhf8 15.O-O-O Kb8
16.Kb1 Ng4 17.Nxg4 hxg4 18.Bc3 c5 19.Bd2 Nc6 20.a3 exf4 21.Bxf4 Nd4 22.Nxd4
Bxd4 23.Rde1 Rde8 24.e5 dxe5 25.Bxe5+ Ka8 26.Bxd4 cxd4 27.Re5 Bd7 28.Rd5 Bc6
29.c5 Qc7 30.Rd6 Bxg2 31.Qxg2 Qxc5 32.Rxg6 Re3 33.Rc1 Qb5 34.Qc2 a6 {#R} 0-1

[Event "Bundesliga B East 2010/2011"]
[Site "Austria"]
[Date "2010.11.28"]
[Round "7"]
[White "Vlcek Stanislav (SVK)"]
[Black "Neumeier Klaus (AUT)"]
[Result "0-1"]
[WhiteElo "2257"]
[BlackElo "2374"]

1.c4 g6 2.Nc3 Bg7 3.g3 d6 4.Bg2 e5 5.d3 Nc6 6.Rb1 a5 7.a3 Nf6 8.e3 O-O 9.Nge2
Be6 10.Nd5 Rb8 11.b4 axb4 12.axb4 Ne7 13.Nec3 c6 14.Nxe7+ Qxe7 15.Qb3 Rfc8
16.b5 Nd7 17.Ba3 f5 18.O-O Nb6 19.Bb4 Ra8 20.Ra1 Rxa1 21.Rxa1 e4 22.Ba5 Nd7
23.bxc6 Nc5 24.Qa3 bxc6 25.dxe4 fxe4 26.Bb4 Bxc4 27.Rc1 Nd3 28.Bxd6 Qe8 29.Rb1
Ra8 30.Qxa8 Qxa8 31.Nxe4 Bb5 32.h4 Qa2 33.Rd1 Qc2 34.Rd2 Qb1+ 35.Kh2 Bc4
36.Ng5 Bc3 37.Re2 Nb4 38.Ne4 Be1 39.Nf6+ Kf7 {#R} 0-1

[Event "Memorial Crespi (open) (b)"]
[Site "Milan (Italy)"]
[Date "2010.12.05"]
[Round "2"]
[White "Scarpellini Felice (ITA)"]
[Black "Colombo Luca (ITA)"]
[Result "0-1"]
[WhiteElo "1809"]
[BlackElo "1918"]

1.c4 e5 2.Nc3 Nc6 3.g3 g6 4.Bg2 Bg7 5.d3 d6 6.Nf3 h6 7.O-O Be6 8.Rb1 Qd7 9.Nd5
Nd8 10.b4 c6 11.Ne3 Bh3 12.b5 Bxg2 13.Kxg2 Ne7 14.Qb3 O-O 15.a4 f5 16.Ba3 f4
17.Nc2 g5 18.c5+ d5 19.Bb2 Ng6 20.e4 g4 21.Nd2 f3+ 22.Kh1 Kh8 23.exd5 cxd5
24.d4 e4 25.Ne3 Ne7 26.a5 h5 27.Rg1 Ne6 28.c6 bxc6 29.bxc6 Qxc6 30.Rbc1 Qd7
31.Ba3 Rab8 32.Qa2 Bxd4 33.Ndf1 Ng5 34.Bxe7 Rb2 35.Qxd5 Qxd5 36.Nxd5 Nh3 {#R}
0-1

[Event "It (open)"]
[Site "Plzen (Czech Republic)"]
[Date "2010.12.08"]
[Round "6"]
[White "Gschwendtner Stanislav (CZE)"]
[Black "Lacha Jan (CZE)"]
[Result "1-0"]
[WhiteElo "2054"]
[BlackElo "1955"]

1.c4 e5 2.g3 g6 3.Bg2 Bg7 4.Nc3 Nc6 5.d3 d6 6.e4 Nge7 7.Nge2 f5 8.O-O O-O
9.Nd5 Be6 10.f3 Qd7 11.Be3 Rf7 12.Qd2 Raf8 13.Rae1 Nc8 14.exf5 Bxf5 15.d4 Bh3
16.b4 Bxg2 17.Kxg2 Nb6 18.Nxb6 axb6 19.d5 Ne7 20.g4 b5 21.cxb5 Qxb5 22.Nc3
Qxb4 23.Rb1 Qa5 24.Rxb7 e4 25.Nxe4 Qxd2+ 26.Bxd2 Nxd5 27.a4 Nb6 28.Nxd6 Rd7
29.Ne4 Nxa4 30.Rc1 Be5 31.Bh6 Rc8 32.Rc6 Bg7 33.Bxg7 Kxg7 34.Rc4 {#r} 1-0

[Event "Memorial Crespi (open)"]
[Site "Milan (Italy)"]
[Date "2010.12.09"]
[Round "7"]
[White "Almonti Alessandro (ITA)"]
[Black "Gori Andrea (ITA)"]
[Result "0-1"]
[WhiteElo "2024"]
[BlackElo "2122"]

1.c4 e5 2.g3 d6 3.Nc3 Nc6 4.Bg2 g6 5.d3 Bg7 6.e3 Nge7 7.Nge2 Be6 8.Nd5 Qd7
9.Bd2 O-O 10.O-O Nd8 11.Nxe7+ Qxe7 12.Nc3 c6 13.Rc1 Qd7 14.Ne4 f6 15.Bb4 c5
16.Bd2 Rc8 17.Nc3 Nf7 18.Qa4 Qxa4 19.Nxa4 Rc7 20.Nc3 Ng5 21.Nd5 Rd7 22.h4 Nf7
23.b4 cxb4 24.Bxb4 Rb8 25.a4 Nd8 26.Rb1 Nc6 27.Bc3 Ne7 28.Nxe7+ Rxe7 29.a5 f5
30.Rb4 Rc7 31.Rfb1 e4 32.Bxg7 Kxg7 33.dxe4 Bxc4 34.Rxb7 Rbxb7 {#R} 0-1

[Event "Ch PriFO (w)"]
[Site "Perm (Russia)"]
[Date "2011.01.04"]
[Round "1"]
[White "Shur Tatiana (RUS)"]
[Black "Grebennikova Tatyana (RUS)"]
[Result "0-1"]
[WhiteElo "1751"]
[BlackElo "2009"]

1.c4 e5 2.Nc3 d6 3.g3 Nc6 4.Bg2 g6 5.d3 Bg7 6.e4 Nge7 7.Nge2 Be6 8.O-O O-O
9.f4 f5 10.fxe5 dxe5 11.Nd5 Qd7 12.Bd2 fxe4 13.Rxf8+ Rxf8 14.dxe4 Bg4 15.Ne3
Be6 16.Qc2 Nd4 17.Nxd4 exd4 18.Nd5 c5 19.Rb1 b6 20.a4 Nc6 21.b4 Ne5 22.bxc5
bxc5 23.Bf4 Bg4 24.Rb5 d3 25.Qd2 Nxc4 26.Qxd3 Bd4+ 27.Kh1 Nd6 28.Bxd6 Qxd6
{#R} 0-1

[Event "Bundesliga 2010/11 (w)"]
[Site "Germany"]
[Date "2011.01.09"]
[Round "5"]
[White "Pfau Beate (GER)"]
[Black "Sikorska Agata (POL)"]
[Result "0-1"]
[WhiteElo "2084"]
[BlackElo "2092"]

1.c4 e5 2.g3 Nc6 3.Bg2 g6 4.Nc3 Bg7 5.d3 d6 6.Nf3 Nge7 7.Bg5 h6 8.Bd2 Be6
9.Rb1 a5 10.a3 Qd7 11.b4 axb4 12.axb4 Bh3 13.O-O Bxg2 14.Kxg2 O-O 15.b5 Nd8
16.e3 Ne6 17.Qc2 g5 18.h3 f5 19.Ne2 g4 20.hxg4 fxg4 21.Nh4 Ng5 22.e4 Rf6
23.Be3 Raf8 24.Ra1 Nf3 25.Rh1 Nxh4+ 26.Rxh4 Ng6 27.Rh2 Qf7 28.Nc3 Rf3 29.Kg1
Nf4 30.gxf4 exf4 31.Bd2 g3 32.Rg2 Qh5 33.Rf1 b6 34.Ne2 gxf2+ 35.Rfxf2 Rh3
36.Rh2 f3 37.Rxh3 Qxh3 38.Nc3 Bd4 {#R} 0-1

[Event "NRW Klasse 2 2010/11"]
[Site "Germany"]
[Date "2011.01.09"]
[Round "5"]
[White "Weber Herbert"]
[Black "Kley Thomas (GER)"]
[Result "0-1"]
[WhiteElo "1734"]
[BlackElo "2147"]

1.c4 g6 2.Nc3 Bg7 3.g3 e5 4.Bg2 Nc6 5.d3 d6 6.e3 Nh6 7.Nge2 Nf5 8.O-O O-O
9.Bd2 Be6 10.Nd5 Qd7 11.Re1 h5 12.Rb1 Nh6 13.b4 Bh3 14.Bh1 h4 15.Nec3 f5 16.b5
Nd8 17.Ne2 hxg3 18.hxg3 Ne6 19.f4 g5 20.Ndc3 c6 21.Qb3 Nc5 22.Qc2 gxf4 23.exf4
Ng4 24.Nd1 Rac8 25.a4 Kh8 26.Nf2 Nxf2 27.Kxf2 e4 28.dxe4 fxe4 29.Bxe4 d5
30.Bf3 Bf5 31.Rh1+ Kg8 32.Bg4 Ne4+ 33.Kg2 Bxg4 34.Nc3 Bf5 35.Qa2 Nxc3 {#R} 0-1

[Event "It (open) \"]
[Site "Caleta (England)"]
[Date "2011.01.28"]
[Round "4"]
[White "Tozer Philip (ENG)"]
[Black "Stokke Kjetil (NOR)"]
[Result "0-1"]
[WhiteElo "2147"]
[BlackElo "2407"]

1.g3 g6 2.c4 Bg7 3.Nc3 e5 4.Bg2 Nc6 5.d3 d6 6.e4 f5 7.Nge2 Nf6 8.O-O O-O
9.exf5 gxf5 10.f4 Ne7 11.h3 c6 12.Be3 Be6 13.b3 Qd7 14.fxe5 dxe5 15.d4 f4
16.gxf4 exd4 17.Qxd4 Nfd5 18.Qd2 Nxc3 19.Nxc3 Qxd2 20.Bxd2 Rad8 21.Rae1 Rxd2
22.Rxe6 Bd4+ 23.Kh1 Nf5 24.Rf3 Kf7 25.Re4 Bxc3 26.Rxc3 Rg8 27.Re5 Ng3+ 28.Kh2
Rxg2+ 29.Kxg2 Ne4+ 30.Kf3 Nxc3 31.Re3 Nxa2 {#R} 0-1

[Event "Czech League 2010/11 (krajsky prebor)"]
[Site "Czech Republic"]
[Date "2011.01.30"]
[Round "7"]
[White "Hyhlan Jaroslav"]
[Black "Miler Jiri"]
[Result "0-1"]
[WhiteElo "1838"]
[BlackElo "2049"]

1.c4 e5 2.Nc3 Nc6 3.g3 g6 4.Bg2 Bg7 5.d3 d6 6.Nf3 Nge7 7.e4 O-O 8.Be3 Nd4
9.Nd5 Nxf3+ 10.Qxf3 Nxd5 11.cxd5 c6 12.dxc6 bxc6 13.O-O c5 14.Bd2 Rb8 15.Bc3
f5 16.exf5 Bb7 17.Qe3 Bxg2 18.Kxg2 Rxf5 19.b3 Qd7 20.Rac1 Rh5 21.h4 Bh6 22.Qe2
Bxc1 23.Rxc1 Rf5 24.Bd2 Qb7+ 25.Kg1 Qf3 26.Qxf3 Rxf3 27.Be3 Rf7 28.f4 Re8
29.fxe5 Rxe5 30.Bf4 Rd5 31.Rc3 Kg7 32.Kf2 h6 33.Ke2 g5 34.hxg5 hxg5 35.Bc1 Kg6
36.Rc4 Re5+ 37.Kd2 Rf2+ {#R} 0-1

[Event "Memorial G.Tringov (open)"]
[Site "Plovdiv (Bulgaria)"]
[Round "2"]
[White "Nevednichy Vladislav (ROM)"]
[Black "Nikolov Jordan (BUL)"]
[Result "1-0"]
[WhiteElo "2540"]
[BlackElo "2078"]

1.c4 e5 2.Nc3 Nc6 3.g3 g6 4.Bg2 Bg7 5.d3 d6 6.e4 Be6 7.Nge2 Qd7 8.Nd5 Nd8
9.O-O c6 10.Ne3 Ne7 11.d4 f5 12.d5 Bf7 13.Qa4 cxd5 14.Qxd7+ Kxd7 15.cxd5 fxe4
16.Nc3 a6 17.a4 Kc7 18.a5 Be8 19.Nc4 Nf7 20.Be3 Rc8 21.Nb6 Rd8 22.Nxe4 h6
23.g4 Kb8 24.h3 Bb5 25.Rfc1 Nc8 26.Nc3 Be8 27.Nc4 Bf6 28.Ne4 Be7 29.Ra3 Na7
30.Nb6 Nb5 31.Rd3 Na7 32.Rdc3 Bb5 33.Bf1 Be8 34.Rc7 Bh4 35.f4 Nc6 36.dxc6 Kxc7
37.Nd5+ {#r} 1-0

[Event "Tournament (open) \"]
[Site "Uljanovsk (Russia)"]
[Date "2011.02.01"]
[Round "1"]
[White "Bakunin Damir (RUS)"]
[Black "Nozdrin Alexander V (RUS)"]
[Result "0-1"]
[WhiteElo "1983"]
[BlackElo "2376"]

1.c4 e5 2.Nc3 Nc6 3.g3 g6 4.Bg2 Bg7 5.d3 d6 6.e3 h5 7.h4 Bg4 8.Qa4 Ne7 9.Nge2
O-O 10.Bd2 Qd7 11.O-O-O a6 12.Rdg1 b5 13.Qd1 Rab8 14.Nd5 e4 15.Bxe4 bxc4 16.d4
Nxd5 17.Bxd5 Ne7 18.f3 Nxd5 19.fxg4 Qxg4 20.Nf4 Qxd1+ 21.Rxd1 Nf6 22.Ba5 Rb7
23.Rde1 Re8 24.Rhf1 c6 25.Re2 d5 26.Rf3 Ng4 27.Bc3 Nh6 28.Rg2 Nf5 29.Kd2 Bh6
30.Re2 Bxf4 31.exf4 Rxe2+ 32.Kxe2 Kf8 33.Kf2 Ke7 34.Kg2 Kd6 35.Kh3 c5 36.dxc5+
Kxc5 37.g4 hxg4+ 38.Kxg4 d4 39.Be1 Rxb2 40.Ra3 Re2 {#R} 0-1

[Event "Tournament (open) \"]
[Site "Uljanovsk (Russia)"]
[Date "2011.02.05"]
[Round "8"]
[White "Lyanguzov Oleg (RUS)"]
[Black "Nozdrin Alexander V (RUS)"]
[Result "0-1"]
[WhiteElo "2292"]
[BlackElo "2376"]

1.c4 e5 2.Nc3 Nc6 3.g3 g6 4.Bg2 Bg7 5.d3 d6 6.Nf3 f5 7.O-O Nf6 8.Rb1 a5 9.a3
O-O 10.b4 axb4 11.axb4 h6 12.b5 Ne7 13.c5 Be6 14.Qc2 Nd7 15.cxd6 cxd6 16.Bb2
Nb6 17.Ra1 Qd7 18.Rfc1 Rxa1 19.Bxa1 Rc8 20.Qd2 Rc7 21.Bb2 e4 22.dxe4 Nc4
23.Qc2 fxe4 24.Nd2 Nxb2 25.Qxb2 Qc8 26.Ndxe4 d5 27.b6 Rc6 28.Qb4 Nf5 29.Rd1
Bxc3 30.Nxc3 Rxc3 31.Qb2 Qc6 32.e4 Ne7 33.exd5 Bxd5 34.Bxd5+ Nxd5 35.h3 Nf6
{#R} 0-1

[Event "Ch Belgium (team) 2010/11"]
[Site "Belgium"]
[Date "2011.02.06"]
[Round "8"]
[White "Porteman Eric (BEL)"]
[Black "Vandenbussche Thibaut (BEL)"]
[Result "0-1"]
[WhiteElo "1927"]
[BlackElo "2362"]

1.c4 g6 2.Nc3 Bg7 3.g3 d6 4.Bg2 e5 5.d3 Nc6 6.e3 f5 7.Nge2 Nf6 8.O-O O-O 9.Rb1
a5 10.a3 Ne7 11.b4 axb4 12.axb4 g5 13.f4 gxf4 14.exf4 Ng6 15.Bd2 exf4 16.Nxf4
Ng4 17.Bd5+ Kh8 18.Kg2 Nxf4+ 19.Rxf4 c6 20.Bf3 Ne5 21.Be2 Ng6 22.Rf1 f4 23.Qc2
Qd7 24.Ne4 d5 25.Nf2 c5 26.cxd5 fxg3 27.hxg3 Bd4 28.Bf3 Ne5 29.Bf4 Rxf4 30.Be4
Rxf2+ 31.Rxf2 Qh3+ 32.Kg1 Qxg3+ 33.Kf1 Bh3+ 34.Bg2 Bxg2+ 35.Rxg2 Rf8+ {#R} 0-1

[Event "Ch Turkey"]
[Site "Kemer (Turkey)"]
[Date "2011.02.07"]
[Round "4"]
[White "Celik Bugra"]
[Black "Keler Faruk (TUR)"]
[Result "0-1"]
[WhiteElo "1742"]
[BlackElo "2253"]

1.c4 e5 2.Nc3 Nc6 3.g3 g6 4.Bg2 Bg7 5.d3 d6 6.Nf3 f5 7.h4 Nf6 8.Nd5 h6 9.Nd2
O-O 10.b4 e4 11.Rb1 exd3 12.e3 Ne5 13.Qb3 Nfg4 14.Nf4 Qe8 15.Nf3 Kh8 16.Nxe5
dxe5 17.Nxd3 f4 18.gxf4 exf4 19.Bb2 fxe3 20.Bxg7+ Kxg7 21.Qb2+ Kh7 22.f3 Bf5
23.Ke2 Bxd3+ 24.Kxd3 Rd8+ 25.Kc3 Nf2 26.b5 Nxh1 27.Bxh1 Rd2 28.Qb4 Qe5+ 29.Kb3
Rfd8 30.a3 e2 31.h5 e1=Q 32.Rxe1 Rb2+ {#R} 0-1

[Event "Bundesliga B Mitte 2010/11"]
[Site "Austria"]
[Date "2011.03.13"]
[Round "8"]
[White "Wegerer Fred (AUT)"]
[Black "Ertl Johann (AUT)"]
[Result "1-0"]
[WhiteElo "2159"]
[BlackElo "2274"]

1.g3 g6 2.Bg2 Bg7 3.c4 e5 4.Nc3 d6 5.d3 Nc6 6.Nf3 Bg4 7.h3 Be6 8.Nd5 Qc8 9.Rb1
a5 10.a3 Nf6 11.Nxf6+ Bxf6 12.Bh6 Ne7 13.g4 Rg8 14.Qd2 c6 15.Ng5 Bxg5 16.Bxg5
Qc7 17.Bf6 h5 18.Qg5 hxg4 19.hxg4 c5 20.Rh7 Nc6 21.e3 Kd7 22.Bd5 Raf8 23.Kd2
Qc8 24.Rbh1 Kc7 25.f3 Kb8 26.Be7 Nxe7 27.Qxe7 Bxd5 28.Qxd6+ Ka8 29.cxd5 Rd8
30.Qxe5 Rge8 31.Qc3 Rxd5 32.Rxf7 Qe6 33.Qxa5+ Qa6 34.Qxa6+ bxa6 35.e4 Rd6
36.Kc3 Red8 37.Rd1 {#r} 1-0

[Event "Ch Hessen (juniors) (under 16)"]
[Site "Bad Homburg (Germany)"]
[Round "1"]
[White "Muth Matthias (GER)"]
[Black "Keller Simon"]
[Result "1-0"]
[WhiteElo "2006"]
[BlackElo "1372"]

1.c4 e5 2.g3 Nc6 3.Bg2 d6 4.Nc3 g6 5.d3 Bg7 6.Nf3 Nge7 7.O-O O-O 8.Rb1 a5 9.a3
Be6 10.b4 axb4 11.axb4 d5 12.cxd5 Nxd5 13.Nxd5 Bxd5 14.e4 Be6 15.Be3 Qd7
16.Ng5 Rfd8 17.Nxe6 Qxe6 18.b5 Nd4 19.Bxd4 Rxd4 20.Qc2 Qd7 21.Rfd1 Ra5 22.b6
c6 23.Qc3 Raa4 24.Bf1 f6 25.Ra1 Bf8 26.Rxa4 Rxa4 27.Qb3+ {#r} 1-0

[Event "Ch Romania (juniors) (under 20)"]
[Site "Caciulata (Romania)"]
[Date "2011.04.12"]
[Round "2"]
[White "Chirita Marius (ROM)"]
[Black "Ambru Dan-Catalin"]
[Result "1-0"]
[WhiteElo "2088"]
[BlackElo "1915"]

1.c4 e5 2.Nc3 Nc6 3.g3 g6 4.Bg2 Bg7 5.d3 d6 6.Nf3 Nge7 7.Rb1 Be6 8.Ng5 Bf5
9.b4 h6 10.b5 Nd4 11.Nge4 Bd7 12.O-O O-O 13.Nd2 c6 14.Ba3 Be6 15.e3 Ndf5
16.Qa4 d5 17.bxc6 bxc6 18.cxd5 cxd5 19.Rb7 Qc8 20.Rxe7 Nxe7 21.Bxe7 Qxc3
22.Bxf8 Bxf8 23.Nf3 Bf5 24.Rd1 Bxd3 25.Nxe5 Be2 26.Qf4 Qc7 27.Bxd5 Bg7
28.Bxf7+ Kh7 29.Bxg6+ Kg8 30.Bf7+ Kh7 {#r} 1-0

[Event "Tournament \"]
[Site "Asuncion (Paraguay)"]
[Date "2011.04.20"]
[Round "1"]
[White "Fretes Hector (PAR)"]
[Black "Peralta Eduardo (PAR)"]
[Result "0-1"]
[WhiteElo "1757"]
[BlackElo "2228"]

1.c4 e5 2.Nc3 Nc6 3.d3 g6 4.g3 Bg7 5.Bg2 d6 6.Nf3 Nge7 7.O-O O-O 8.Rb1 a5 9.a3
f5 10.Bg5 h6 11.Bxe7 Nxe7 12.Nd5 c6 13.Nxe7+ Qxe7 14.b4 axb4 15.axb4 Be6 16.b5
c5 17.Nh4 Kh7 18.e4 f4 19.Nf3 g5 20.Kh1 g4 21.Nh4 f3 22.Nxf3 gxf3 23.Bxf3 Ra2
24.Qb3 Rxf3 25.Qxa2 Bh3 26.Rg1 Qf7 27.Rb2 Rxd3 {#R} 0-1

[Event "It (open)"]
[Site "Donostia (Spain)"]
[Date "2011.04.21"]
[Round "7"]
[White "Moreno Ruiz Javier (ESP)"]
[Black "Dgebuadze Alexandre (BEL)"]
[Result "1-0"]
[WhiteElo "2536"]
[BlackElo "2544"]

1.c4 e5 2.g3 Nc6 3.Nc3 g6 4.Bg2 d6 5.d3 Bg7 6.e4 Nf6 7.Nge2 O-O 8.O-O Nd7
9.Be3 Nc5 10.f4 Nd4 11.Rb1 a5 12.Bxd4 exd4 13.Nb5 Bg4 14.Bf3 Bh3 15.Rf2 Ne6
16.f5 gxf5 17.exf5 Bxf5 18.Bxb7 Rb8 19.Rxf5 Rxb7 20.Nf4 c6 21.Na3 Qb8 22.b3
Nxf4 23.Rxf4 f5 24.Qf3 Qc8 25.Rf1 Rbf7 26.Nc2 c5 27.Qd5 Kh8 28.Qxd6 Rf6 29.Qd5
Bh6 30.R4f3 f4 31.Qh5 Rg6 32.Ne1 Bg5 33.Ng2 Rfg8 34.Nxf4 Rh6 35.Qf7 Rf6 36.Qd5
Rf5 37.Qe6 Qf8 38.Qe4 Rf6 39.Ne6 Be3+ 40.Kg2 {#r} 1-0

[Event "Ch Russia (seniors)"]
[Site "Odintsovo (Russia)"]
[Date "2011.04.22"]
[Round "4"]
[White "Kremenietsky Anatoly M (RUS)"]
[Black "Shmatkov Mikhail (RUS)"]
[Result "0-1"]
[WhiteElo "2364"]
[BlackElo "2220"]

1.c4 e5 2.Nc3 Nc6 3.g3 g6 4.Bg2 Bg7 5.d3 d6 6.Rb1 Nf6 7.b4 a6 8.Bg5 h6 9.Bxf6
Bxf6 10.Nf3 O-O 11.O-O Bg7 12.Nd5 Be6 13.Nd2 Nb8 14.Nb3 c6 15.Nc3 Nd7 16.a4 f5
17.Qd2 Nf6 18.b5 axb5 19.axb5 Qd7 20.Ra1 Rfc8 21.bxc6 bxc6 22.f4 Rab8 23.Rab1
Qa7+ 24.Kh1 Ng4 25.fxe5 dxe5 26.Bf3 Ne3 27.Rfc1 e4 28.Ra1 Qb6 29.Nxe4 fxe4
30.Bxe4 Ng4 31.Rab1 Nf2+ {#R} 0-1

[Event "It (open)"]
[Site "Sydney (Australia)"]
[Date "2011.04.30"]
[Round "7"]
[White "Hansen Sune Berg (DEN)"]
[Black "Canfell Gregory (AUS)"]
[Result "0-1"]
[WhiteElo "2566"]
[BlackElo "2326"]

1.c4 g6 2.g3 Bg7 3.Bg2 d6 4.Nc3 e5 5.d3 Nc6 6.e4 Nd4 7.Nce2 Nxe2 8.Nxe2 h5
9.h4 Bg4 10.f3 Be6 11.Be3 c6 12.Rc1 Ne7 13.d4 Qa5+ 14.Qd2 Qxd2+ 15.Kxd2 d5
16.cxd5 cxd5 17.dxe5 dxe4 18.f4 Rd8+ 19.Ke1 Nd5 20.Bc5 b6 21.Ba3 Bf5 22.Nc3
Nxc3 23.Rxc3 Bf8 24.Bxf8 Kxf8 25.Ke2 Kg7 26.Rhc1 Rd4 27.Ke3 Rhd8 28.Bf1 Bg4
29.Ra3 Rd2 30.Kxe4 Rxb2 31.Rxa7 Be6 32.Bc4 Rb4 {#R} 0-1

[Event "Cup Croatia (team)"]
[Site "Sibenik (Croatia)"]
[Date "2011.05.19"]
[Round "2"]
[White "Bosiocic Marin (CRO)"]
[Black "Filipovic Branko (CRO)"]
[Result "1-0"]
[WhiteElo "2593"]
[BlackElo "2403"]

1.g3 e5 2.c4 Nc6 3.Bg2 g6 4.Nc3 Bg7 5.d3 d6 6.e4 f5 7.Nge2 Nf6 8.O-O O-O 9.Nd5
Ne7 10.Rb1 c6 11.Nxf6+ Bxf6 12.b3 c5 13.b4 cxb4 14.Rxb4 Nc6 15.Rb1 Bg7 16.Be3
Qe7 17.Qb3 Kh8 18.Qa3 Nd4 19.Nxd4 exd4 20.Bf4 Be5 21.Bxe5+ Qxe5 22.exf5 Rxf5
23.Rfe1 Qc5 24.Qxc5 Rxc5 25.Bxb7 Bxb7 26.Rxb7 Ra5 27.Ree7 Rxa2 28.Rxh7+ Kg8
29.Rbg7+ Kf8 30.Rxg6 a5 31.Rxd6 a4 32.Rxd4 Kg8 33.Rdd7 Rb8 34.Rdg7+ Kf8 35.Rb7
Rxb7 36.Rxb7 {#r} 1-0

[Event "Cup Felix "]
[Site "Baile Felix (Romania)"]
[Date "2011.05.24"]
[Round "7"]
[White "Lengyel Laszlo (HUN)"]
[Black "Pop Alexandru (ROM)"]
[Result "0-1"]
[WhiteElo "2088"]
[BlackElo "2183"]

1.c4 e5 2.Nc3 Nc6 3.g3 g6 4.Bg2 Bg7 5.d3 d6 6.e4 Be6 7.Nge2 Qd7 8.O-O Bh3
9.Be3 h5 10.f4 h4 11.f5 Bxg2 12.Kxg2 gxf5 13.exf5 Nh6 14.Bxh6 Bxh6 15.Nd5
O-O-O 16.Qa4 Bg5 17.b4 Kb8 18.Rf3 hxg3 19.hxg3 f6 20.Qd1 Rh6 21.Qf1 Rdh8 {#R}
0-1

[Event "It \"]
[Site "Wheeling (USA)"]
[Date "2011.05.27"]
[Round "3"]
[White "Smarty Sylvester (USA)"]
[Black "Mulyar Michael A (USA)"]
[Result "0-1"]
[WhiteElo "2104"]
[BlackElo "2421"]

1.c4 e5 2.g3 Nc6 3.Bg2 g6 4.Nc3 Bg7 5.d3 d6 6.Rb1 a5 7.a3 f5 8.Bd2 Nf6 9.b4
axb4 10.axb4 O-O 11.b5 Ne7 12.Nf3 h6 13.O-O Be6 14.Qc1 Kh7 15.c5 Nfd5 16.Rd1
b6 17.c6 Nxc3 18.Bxc3 Nd5 19.e4 Nxc3 20.Qxc3 Qf6 21.Nd2 fxe4 22.Nxe4 Qf7
23.Qe1 d5 24.Nc3 e4 25.d4 Ra3 26.Qd2 Qf6 27.Rb4 Rxc3 28.Qxc3 Qxf2+ 29.Kh1 e3
30.Rb2 e2 31.Re1 Bg4 {#R} 0-1

[Event "Tournament \"]
[Site "Vila Nova de Gaia (Portugal)"]
[Date "2011.06.07"]
[Round "3"]
[White "Silva Antonio Augusto (POR)"]
[Black "Vasques Antonio Pedro Freixial (POR)"]
[Result "0-1"]
[WhiteElo "2232"]
[BlackElo "2200"]

1.c4 g6 2.g3 Bg7 3.Bg2 d6 4.Nc3 Nc6 5.d3 e5 6.e4 Be6 7.Nge2 h5 8.h4 Qd7 9.Nd5
Nce7 10.d4 c6 11.Ne3 Qc7 12.dxe5 dxe5 13.Qa4 Bd7 14.c5 Nh6 15.Bd2 O-O 16.Nc4
f5 17.Bg5 Be6 18.Qa5 Qxa5+ 19.Nxa5 Nc8 20.Nxb7 Rb8 21.Nd8 Bc4 22.b3 Bd3 23.Nc3
fxe4 24.Ne6 Rf7 25.Nxg7 Kxg7 26.Nxe4 Ng4 27.Be3 Ne7 28.Nd6 Rff8 29.Rd1 Ba6
30.Rd2 Rb4 31.Bg5 Nd5 32.Bf1 Bxf1 33.Rxf1 Nh2 34.Nc4 e4 35.Re2 Nf3+ {#R} 0-1

[Event "It (open)"]
[Site "Fourmies (France)"]
[Date "2011.06.11"]
[Round "1"]
[White "Haub Thorsten-Michael (GER)"]
[Black "Pillot Antoine (FRA)"]
[Result "1-0"]
[WhiteElo "2462"]
[BlackElo "1828"]

1.g3 g6 2.Bg2 Bg7 3.d3 e5 4.c4 Nc6 5.Nc3 d6 6.Rb1 f5 7.b4 Nf6 8.Nf3 O-O 9.O-O
Ne7 10.c5 c6 11.b5 e4 12.cxd6 Ned5 13.Nxd5 cxd5 14.Ng5 h6 15.Nh3 Qxd6 16.Qb3
Re8 17.dxe4 fxe4 18.Ba3 Qe5 19.Bb2 Qf5 20.Bxf6 Bxf6 21.Nf4 Be6 22.Bh3 {#r} 1-0

[Event "Ch Germany (juniors) (under 14)"]
[Site "Oberhof (Germany)"]
[Date "2011.06.12"]
[Round "1"]
[White "Meyers Mark (GER)"]
[Black "Koop Thorben (GER)"]
[Result "0-1"]
[WhiteElo "1808"]
[BlackElo "2098"]

1.c4 e5 2.g3 Nc6 3.Nc3 g6 4.Bg2 Bg7 5.d3 d6 6.Rb1 f5 7.e3 Be6 8.Nge2 Nf6 9.Nd5
O-O 10.O-O Rb8 11.Nec3 Ne7 12.e4 c6 13.Nxf6+ Bxf6 14.Be3 f4 15.Bd2 g5 16.b4
Qd7 17.b5 Bh3 18.Qe2 Bg7 19.f3 Be6 20.a4 d5 21.Rb2 dxc4 22.dxc4 Qd4+ 23.Qf2
Bxc4 24.Rfb1 c5 25.Bf1 Bxf1 26.Rxf1 fxg3 27.hxg3 Rxf3 28.Qxd4 Rxf1+ 29.Kxf1
exd4 30.Nd1 Rf8+ 31.Kg2 h6 32.Rc2 b6 33.Nf2 Nc8 34.Be1 Nd6 35.Re2 Re8 36.Kf3
c4 37.Bb4 Nf7 38.Rd2 h5 39.Ke2 a5 {#R} 0-1

[Event "It (open)"]
[Site "Oberwart (Austria)"]
[Date "2011.07.14"]
[Round "6"]
[White "Groh Jiri (CZE)"]
[Black "Wiedermann Daniel (AUT)"]
[Result "1-0"]
[WhiteElo "2117"]
[BlackElo "2220"]

1.c4 e5 2.g3 Nc6 3.Bg2 g6 4.Nc3 Bg7 5.d3 d6 6.Nf3 f5 7.O-O Nf6 8.Rb1 O-O 9.b4
h6 10.b5 Ne7 11.c5 Be6 12.cxd6 cxd6 13.e4 g5 14.exf5 Nxf5 15.Qa4 g4 16.Nd2 d5
17.Re1 Qc7 18.Bb2 h5 19.Rbc1 Qb8 20.h3 h4 21.hxg4 hxg3 22.gxf5 gxf2+ 23.Kxf2
e4 24.dxe4 Qf4+ 25.Nf3 Ng4+ 26.Kg1 Bxc3 27.Bxc3 Bxf5 28.Qd4 {#r} 1-0